Minecraft Mobs 1.21 Java - Statistiken

Allgemein
  • Dieses Quiz wurde 74 mal gespielt
  • Das Durchschnittsergebnis liegt bei 49 aus 90
Antwortstatistiken
Passive mobs % Korrekt
Zombie
96%
Pig
90%
Skeleton
86%
Creeper
84%
Chicken
82%
Cow
80%
Sheep
80%
Spider
80%
Ender Dragon
78%
Enderman
78%
Piglin
78%
Wither
78%
Horse
76%
Villager
76%
Ghast
73%
Iron Golem
71%
Wolf
71%
Blaze
69%
Cat
69%
Slime
69%
Wither Skeleton
69%
Hoglin
67%
Pillager
67%
Salmon
67%
Witch
67%
Bee
65%
Endermite
65%
Cave Spider
63%
Dolphin
63%
Drowned
63%
Skeleton Horse
63%
Snow Golem
63%
Chicken Jockey
61%
Donkey
61%
Warden
59%
Allay
57%
Frog
57%
Tropical Fish
57%
Axolotl
55%
Ocelot
55%
Squid
55%
Husk
53%
Magma Cube
53%
Piglin Brute
53%
Shulker
53%
Silverfish
53%
Sniffer
53%
Strider
53%
Mule
51%
Parrot
51%
Pufferfish
51%
Zombie Villager
51%
Zombified Piglin
51%
Bat
49%
Camel
49%
Evoker
49%
Llama
49%
Panda
49%
Vindicator
49%
Zoglin
49%
Spider Jockey
47%
Stray
47%
Vex
47%
Zombie Horse
47%
Cod
45%
Fox
43%
Giant
43%
Glow Squid
43%
Armadillo
41%
Bogged
41%
Elder Guardian
41%
Guardian
41%
Phantom
41%
Ravager
41%
Polar Bear
39%
Rabbit
39%
Turtle
39%
Wandering Trader
37%
Goat
35%
Breeze
33%
Mooshroom
33%
Tadpole
33%
Illusioner
31%
Trader Llama
29%
Creaking
24%
Strider Jockey
16%
Hoglin Jockey
14%
Ravager Jockey
12%
Skeleton Horseman
8%
The Killer Bunny
8%
Keine übereinstimmenden Quizze gefunden
Verteilung der Resultate
Anzahl Personen mit jedem Resultat
Perzentil nach korrekt beantworteten Fragen
Ihre Resultats-Entwicklung
Sie haben dieses Quiz noch nicht gespielt